000 01107 a2200169 4500
003 Nust
005 20170207154118.0
040 _cNust
082 _a621.381
100 _aPaul B. Zbar
245 _aBasic electronics
_blaboratory manual for radio and television technician
260 _aNew York
_bMc Graw-Hill
_c1958
300 _avii: 148 pages
505 _aVacuum Tubes (page-1) The Diode Rectifier (Page05) The Triode AS D-C Amplifier (Page-14) Tube Testing (Page-20) The Power Transformer (Page-23) Transformer Power Supply (Page-26) The Power Supply Filter (Page-31) The Voltage Doublers (Page-37) The Loudspeaker (page-57) The Push – Pull Power Amplifier (Page-65) Frequency Response of an Audio Amplifier (page-68) Resistance and Voltage Analysis an Audio Amplifier (Page-71) The Hartley Oscillator (page-80) Current Gain in Transistors (Page-102) Common-Emitter Amplifier (Page-116) Common-Base Amplifier (page_124) Cascaded Amplifier (Page-129) Transistor Phase Inverter (apge-140)Transistor Oscillators (page-144)
538 _aAlmirah No.33 Shelf No.3
650 _aTelecommunication Engineering
942 _2ddc
_cBK
999 _c194166
_d194166